000 00723nam a2200265Ia 4500
005 20260302113932.0
008 008 260114s9999 xx 000 0 eng d
020 _a9781350482036
037 _aTextbook
040 _aCRL
040 _beng
040 _cCRL
041 _2eng
041 _aeng
084 _qCRL
100 _aJoan Swann, Robert Pope, Ronald Carter
_91117260
245 0 _aCreativity in Language and Literature The State of the Art
260 _bBloomsbury
260 _bBloomsbury Academic
260 _c2017
650 _aLinguistics
856 _uhttps://doi.org/10.1007/978-1-349-92482-0?locatt=label:secondary_bloomsburyCollections
942 _cEBOOK
999 _c1680758
_d1680758